000 00700nam a22002297a 4500
999 _c15119
_d15119
003 AR-CdUCM
008 190425b ||||| |||| 00| 0 spa d
020 _a978-84-675-1678-4
040 _aMUNICIPALIDAD PROVINCIAL DEL CUSCO
_cBIBLIOTECA MUNICIPAL DEL CUSCO
041 _heng
082 _23ed.
_aPI / 376.12 /
_bM83
100 _aMoroney, Trace
_933288
245 _aCuando me siento solo /
260 _aMadrid :
_bEdiciones SM,
_c2013.
300 _bilustraciones,
_c21 cm.
650 _aTexto infantil
_929090
650 _aLiteratura infantil
_9588
650 _aAprendizaje
_92143
700 _aTellechea, Teresa (traducción)
_933289
942 _2ddc
_cLIBROS
945 _aachl
_d2019-04-25